LEADER 01085cam0-22003371i-450- 001 990007827120403321 005 20050112154708.0 010 $a88-13-22849-X 035 $a000782712 035 $aFED01000782712 035 $a(Aleph)000782712FED01 035 $a000782712 100 $a20030929d2000----km-y0itay50------ba 101 0 $aita 102 $aIT 105 $ay---n---001yy 200 1 $a<>nuova disciplina dei reati tributari$egli effetti pratici della riforma introdotta con il Decreto legislativo n. 74/2000$fGraziano Tarantini, Giovanni Esposito$gprefazione di Vincenzo Mariconda 210 $aPadova$cCEDAM$d2000 215 $aXII, 140 p.$d24 cm 300 $aSegue: Appendice normativa. 676 $a345.450233$v21$zita 700 1$aTarantini,$bGraziano$0262227 701 1$aEsposito,$bGiovanni$0425935 702 1$aMariconda,$bVincenzo 801 0$aIT$bUNINA$gRICA$2UNIMARC 901 $aBK 912 $a990007827120403321 952 $aH 1185$bs.i.$fDSS 959 $aDSS 996 $aNuova disciplina dei reati tributari$9663451 997 $aUNINA LEADER 01447nam 2200493 450 001 9910828291003321 005 20211103161956.0 010 $a1-78785-767-0 010 $a1-118-33673-9 010 $a1-118-33675-5 010 $a1-118-33656-9 010 $a1-118-33677-1 035 $a(CKB)4330000000006210 035 $a(Au-PeEL)EBL5510588 035 $a(OCoLC)1031427069 035 $a(MiAaPQ)EBC5510588 035 $a(EXLCZ)994330000000006210 100 $a20180929d2018 uy 0 101 0 $aeng 135 $aurcnu|||||||| 181 $ctxt$2rdacontent 182 $cc$2rdamedia 183 $acr$2rdacarrier 200 02$aA companion to ancient Near Eastern art /$fedited by Ann C Gunter 210 1$aHoboken :$cWiley Blackwell,$d[2018] 210 4$dİ2018 215 $a1 online resource (716 pages) 225 1 $aBlackwell companions to the ancient world 311 $a1-118-30125-0 320 $aIncludes bibliographical references and index. 410 0$aBlackwell companions to the ancient world. 606 $aArt, Middle Eastern 606 $aArt, Ancient$zMiddle East 615 0$aArt, Middle Eastern. 615 0$aArt, Ancient 676 $a709.56 702 $aGunter$b Ann Clyburn$f1951- 801 0$bMiAaPQ 801 1$bMiAaPQ 801 2$bMiAaPQ 906 $aBOOK 912 $a9910828291003321 996 $aA companion to ancient Near Eastern art$93964037 997 $aUNINA